000 00358nam a22001577a 4500
003 SGT
020 _a978-0-323-28945-0
082 _a617.645
_bH16H
100 _aHUPP,JAMES.R
245 _aHEAD,NECK AND OROFACIAL INFECTIONS
250 _a1ST
260 _aST.LOUIS,MISSOURI
_bELSEVIER
_c2016
300 _a482
650 _aORAL SURGERY
942 _2ddc
_cBK
999 _c10643
_d10643